| 000 | 06401nam0a22007931 4500 | ||
|---|---|---|---|
| 001 | RU\NLR\A1\12248 | ||
| 005 | 20260608064346.0 | ||
| 035 | _a(NLR Aleph) 009674716 | ||
| 090 |
_a9677621 _c9677621 |
||
| 100 | _a19970825d1763 m y0rusy50 ca | ||
| 101 | 1 | _arus | |
| 102 | _aRU | ||
| 140 | _ay y ffka yaa0000 | ||
| 200 | 1 |
_aИконологической лексикон, или Руководство к познанию живописнаго и резнаго художеств, медалей, эстампов и проч. с описанием, взятым из разных древних и новых стихотворцев. _fС французскаго переведен академии наук переводчиком Иваном Акимовым |
|
| 210 |
_aВ Санктпетербурге _cПри Императорской Академии наук _d1763 |
||
| 215 |
_a[18], 1-320, 305-328, [2] с. _d8° |
||
| 306 | _aПер. И.Акимову выдано 100 экз., остальные 1100 экз. в авг. 1763 г. поступили в Акад. кн. лавку | ||
| 310 | _aТираж 1200 экз. | ||
| 310 | _aЦена 70 к. | ||
| 314 | _aНа с.[3-6] посвящ. переводчика вел. кн. Павлу Петровичу | ||
| 316 |
_aЭкз. РНБ (18.33.4.61) в цельнокож. корич. пер. с разводами. Корешок с 5-ю бинтами, блинтовым тиснением и загл.: "Иконологической лексикон". На нижней крышке пер. экслибрис рус. фонда ГПБ с шифром. Обрез тонирован. красный. На форзаце ярлык с шифром РНБ. На тит. л., с.33 и 328 круглый штамп ГПБ. На тит. л. штамп РПБ в венке с датой: 1919 красными чернилами _5NLR: 18.33.4.61 |
||
| 316 |
_aЭкз. РНБ (138/1695) в цельнокож. корич. пер. Корешок с 5-ю бинтами, блинтовым тиснением и загл.: "Иконологической лексикон". На нижней крышке пер. экслибрис рус. фонда ГПБ с шифром. Обрез крапчатый красный. На форзаце ярлык с шифром РНБ. На с.33 круглый штамп ГПБ. На тит. л. круглый штамп ГПБ: "Дублет". С.[1-2] 2-го ряда вплетены после с.[18] _5NLR: 138/1695 |
||
| 316 |
_aЭкз. РНБ (РЗФ 18 в. 3/1273) в цельнокож. корич. пер. Крышки пер. украшены орнамент. рамками золотого тиснения. Корешок гладкий, с золотым тиснением и красной кож. наклейкой с загл.: "Иконологи лексикон". На нижней крышке пер. экслибрис РЗФ ГПБ с шифром. Обрез тонир. синий. На с.33 круглый штамп ГПБ. С.[1-2] 2-го ряда вплетены после с.[18] _5NLR: РЗФ 18 в. 3/1273 |
||
| 316 |
_aЭкз. РНБ (РЗФ 18 в. 3/1273а) является частью владельч. конволюта. Припл. 1 ед. В составном картон. пер., обтянутом бумагой, с кож. корич. корешком. На нижней крышке пер. экслибрис РЗФ ГПБ с шифром. На верхней крышке пер. экслибрис Антирелигиоз. отд-ния ГПБ (перечеркнут). Обрез крапчатый коричневый. На форзаце дарств. надпись в Акад. б-ку от библ. с недопис. фамилией. С.[1-2] 2-го ряда вплетены после тит. л. _5NLR: РЗФ 18 в. 3/1273а |
||
| 317 |
_aВ экз. РНБ (РЗФ 18 в. 3/1273) на нахзаце сюжет. ярлык: «Антикварная книжная торговля В.И.Клочкова» _5NLR: РЗФ 18 в. 3/1273 |
||
| 317 |
_aВ экз. РНБ (РЗФ 18 в. 3/1273а) на тит. л. владельч. надпись: «Егора Фуникова» _5NLR: РЗФ 18 в. 3/1273а |
||
| 321 | _aСК XVIII 3415 | ||
| 321 | _aТюличев. Материалы о некоторых изданиях... С.187 | ||
| 517 | 1 | _aРуководство к познанию живописнаго и резнаго художеств, медалей, эстампов и проч. с описанием, взятым из разных древних и новых стихотворцев. | |
| 517 | 1 | _aИконологический лексикон | |
| 620 | _dСанкт-Петербург | ||
| 700 | 1 |
_aЛакомб де Презель _bО. _f1725-1789? _gОноре _4070 |
|
| 702 | 1 |
_4730 _7ca _8rus _aАкимов _bИ. И. _f1724-1805 _gИван Иванович _9198464 _3RU\NLR\AUTH\770198515 |
|
| 702 | 1 |
_4160 _7ca _8rus _aКлочков _bВ. И. _fок.1861-1915 _gВасилий Иванович _3RU\NLR\AUTH\770172651 _9172600 |
|
| 702 | 1 |
_aФуников _bЕ. _gЕгор _5NLR: РЗФ 18 в. 3/1273а _4390 |
|
| 702 | 0 |
_4280 _7ca _8rus _aПавел _cимператор российский _dI _f1754-1801 _9118767 _3RU\NLR\AUTH\778886 |
|
| 712 | 0 | 2 |
_4610 _aАкадемическая типография _cПетербург _9303965 _3RU\NLR\AUTH\8815379 |
| 801 | 0 |
_aRU _bNLR _c19970825 |
|
| 852 |
_aNLR _j18.33.4.61 |
||
| 852 |
_aNLR _j138/1695 |
||
| 852 |
_aNLR _bРЗФ _j18 в. 3/1273 |
||
| 852 |
_aNLR _bРЗФ _j18 в. 3/1273а |
||
| 899 | _aГАСарО | ||
| 899 |
_aГТГ _y2 экз. |
||
| 899 | _aБАН | ||
| 899 | _aМГУ | ||
| 899 | _aРГБИ | ||
| 899 |
_aВОУНБ _y3 экз. |
||
| 899 | _aГРМ | ||
| 899 | _aКирОУНБ | ||
| 899 | _aВГБИЛ | ||
| 899 | _aКУНБ | ||
| 899 | _aГПИБ | ||
| 899 | _aГПНТБ СО РАН | ||
| 899 | _aНБ Эрм. | ||
| 899 | _aТОУНБ | ||
| 899 | _aНГОНБ | ||
| 899 |
_aНБ РАХ _y2 экз. |
||
| 899 | _aСПбГУ | ||
| 899 |
_aНБЛ КГУ _y2 экз. |
||
| 899 | _aРГО | ||
| 899 | _aРГБ | ||
| 899 | _aГБГИ | ||
| 899 | _aМУП | ||
| 899 | _aКостОУНБ | ||
| 942 | _cBOOK | ||
| 980 | _aNB | ||
| 980 | _aA1XVIIIv | ||